Statistics for Disney Movies by Release Year

Click here to take the quiz!

General Stats

  • This quiz has been taken 102 times
  • The average score is 36 of 113

Answer Stats

HintAnswer% Correct
1937Snow White and the Seven Dwarfs
90%
1950Cinderella
83%
1959Sleeping Beauty
77%
1991Beauty and the Beast
73%
1995Toy Story
73%
2017Beauty and the Beast (live-action)
71%
1941Dumbo
71%
1989The Little Mermaid
71%
1999Toy Story 2
71%
2013Frozen
69%
1998Mulan
69%
2010Toy Story 3
67%
2021Encanto
65%
2019Toy Story 4
65%
1992Aladdin
60%
2019Frozen 2
60%
1940Pinocchio
60%
1994 | 2019The Lion King
60%
2016Moana
58%
2012Brave
56%
1940Fantasia
54%
1953Peter Pan
54%
1942Bambi
52%
1995Pocahontas
52%
2010Tangled
52%
2019Aladdin (live-action)
50%
1955Lady and the Tramp
50%
1981The Fox and the Hound
50%
2009The Princess and the Frog
50%
1951Alice in Wonderland
48%
2006Cars
48%
1999Tarzan
48%
1997Hercules
46%
1967The Jungle Book
46%
2011Cars 2
44%
2017Coco
44%
1973Robin Hood
44%
1970The Aristocats
44%
2017Cars 3
42%
1977The Rescuers
42%
1961101 Dalmations
40%
1996101 Dalmations (live-action)
40%
2004The Incredibles
40%
2003Finding Nemo
38%
2015Inside Out
38%
1996The Hunchback of Notre Dame
38%
2012Wreck-it-Ralph
38%
2016Finding Dory
35%
2020Soul
35%
1963The Sword in the Stone
35%
2022Turning Red
35%
2008Wall-E
35%
1998A Bug's Life
33%
2014Big Hero 6
33%
2002Lilo and Stitch
33%
2001Monsters, inc.
33%
2022Pinocchio (live-action)
33%
2009UP
33%
2008Bolt
31%
2007Ratatouille
29%
2020Onward
27%
2005Chicken Little
25%
2016Zootopia
25%
1964Mary Poppins
23%
2018Ralph Breaks the Internet
21%
2021Raya and the Last Dragon
21%
2015The Good Dinosaur
21%
2003Brother Bear
19%
2007Enchanted
19%
2018Incredibles 2
19%
2022Lightyear
19%
2022Strange World
19%
2021Luca
17%
2006High School Musical
15%
2014Maleficent
15%
2007High School Musical 2
13%
2008High School Musical 3: Senior Year
13%
2007Meet the Robinsons
13%
1995The Goofy Movie
13%
2022Disenchanted
10%
1977Pete's Dragon
10%
1993The Nightmare Before Christmas
10%
2018Mary Poppins Returns
8%
1998The Parent Trap
8%
2001The Princess Diaries
8%
2021Cruela
6%
2003Freaky Friday
6%
2009Hannah Montana: The Movie
6%
2003Jungle Book 2
6%
2021Jungle Cruise
6%
2004The Princess Diaries 2: Royal Engagement
6%
2000102 Dalmations
4%
2002Santa Clause 2
4%
2000The Emporer's New Groove
4%
1994The Santa Clause
4%
1993Hocus Pocus
2%
2013Monster University
2%
2007Pirates of the Caribbean: At World's End
2%
2006Pirates of the Caribbean:Dead Man's Chest
2%
2017Pirates of the Caribbean: Dead Men Tell No Tales
2%
2011Pirates of the Caribbean: On Stranger Tides
2%
2003Pirates of the Caribbean: The Curse of the Black Pearl
2%
1960Pollyanna
2%
2011Romeo and Juliet
2%
2006Santa Clause 3: The Escape Clause
2%
1990Arachnophobia
0%
2022Hocus Pocus 2
0%
2019Maleficent: Mistress of Evil
0%
2005The Chronicles of Narnia: The Lion, the Witch, and the Wardrobe
0%
1989Turner and Hooch
0%
1991White Fang
0%
2011Winnie the Poah
0%

Score Distribution

Percentile by Number Answered

Percent of People with Each Score

Your Score History

You have not taken this quiz